| 000 | 00409nam a22001697a 4500 | ||
|---|---|---|---|
| 003 | LK-CoMWRAF | ||
| 005 | 20230928224420.0 | ||
| 008 | 230928b |||||||| |||| 00| 0 eng d | ||
| 040 |
_aLK-CoMWRAF _dLK-CoMWRAF _eLK-CoMWRAF |
||
| 041 | _aeng | ||
| 082 |
_a297 _bLUT |
||
| 100 | _aLuther, A. Rauf | ||
| 245 | _aIntroduction to Islam | ||
| 260 |
_aKarachi : _bA. Rauf Luther, |
||
| 650 | _aIslam | ||
| 942 | _cBK | ||
| 999 |
_c3735 _d3735 |
||